[Event "Paleochora op 4th"]
[Site "Paleochora"]
[Date "2011.07.20"]
[Round "1"]
[White "Sandalakis, Angelos"]
[Black "Demeridis, Nikolaos"]
[Result "1-0"]
[WhiteElo "2383"]
[BlackElo "1740"]
[PlyCount "49"]
[EventDate "2011.07.20"]
[EventType "swiss"]
[EventRounds "9"]
[EventCountry "GRE"]
[SourceTitle "CBM 143 Extra"]
[Source "ChessBase"]
[SourceDate "2011.08.29"]
[SourceVersion "1"]
[SourceVersionDate "2011.08.29"]
[SourceQuality "1"]

1. Nf3 Nf6 2. c4 e6 3. g3 d5 4. Bg2 Bd6 5. 0-0 0-0 6. b3 Nbd7 7. Ba3 Bxa3 8. Nxa3 c6 9. d4 Ne4 10. Qc1 Qa5 11. Nc2 Ndf6 12. b4 Qa6 13. Ne5 dxc4 14. Re1 Rd8 15. a4 c3 16. Qf4 Nd2 17. e4 Nb3 18. Rad1 Qxa4 19. Qe3 a5 20. Qxc3 axb4 21. Nxb4 Bd7 22. Nc4 c5 23. dxc5 Nxc5 24. Nb6 Ncxe4 25. Qb2 1-0

[Event "Kesarovski Georgiev Memorial 7th"]
[Site "Sunny Beach"]
[Date "2008.09.08"]
[Round "1"]
[White "Stoinev, Metodi"]
[Black "Demeridis, Nikolaos"]
[Result "1-0"]
[WhiteElo "2278"]
[BlackElo "1664"]
[PlyCount "25"]
[EventDate "2008.09.08"]
[EventType "swiss"]
[EventRounds "9"]
[EventCountry "BUL"]
[SourceTitle "CBM 126 Extra"]
[Source "ChessBase"]
[SourceDate "2008.11.05"]
[SourceVersion "1"]
[SourceVersionDate "2008.11.05"]
[SourceQuality "1"]

1. e4 e6 2. d4 d5 3. Nc3 Bb4 4. e5 Ne7 5. a3 Bxc3+ 6. bxc3 c5 7. Qg4 0-0 8. Bd3 b6 9. Bg5 Qc7 10. Nf3 Nf5 11. Bf6 g6 12. Bxf5 exf5 13. Qg5 1-0